Ο Πλάτων και η εγγύτητα του αγαθού : μια ερμηνευτική προσέγγιση
Αποθηκεύτηκε σε:
| Κύριος συγγραφέας: | |
|---|---|
| Μορφή: | Βιβλίο |
| Γλώσσα: | Greek |
| Δημοσίευση: |
Αθήνα :
Παπαζήσης,
2022.
|
| Σειρά: | Δια-ΛΟΓΟΣ φιλοσοφική βιβλιοθήκη - Μελέτες
|
| Θέματα: | |
| Ετικέτες: |
Προσθήκη ετικέτας
Δεν υπάρχουν, Καταχωρήστε ετικέτα πρώτοι!
|
MARC
| LEADER | 00000nam a2200000 a 4500 | ||
|---|---|---|---|
| 001 | 1/127726 | ||
| 008 | 231116s2022####gr | ||| |||| ||gre|| | ||
| 020 | |a 9789600239324 | ||
| 040 | |a GR-MyUa |b gre |c GR-MyUa |e AACR2 | ||
| 041 | 0 | |a gre | |
| 082 | 7 | |a 184 |2 (23) | |
| 100 | 1 | |a Γεωργόπουλος, Στέφανος Ν. | |
| 245 | 1 | 2 | |a Ο Πλάτων και η εγγύτητα του αγαθού : |b μια ερμηνευτική προσέγγιση / |c Στέφανος Γεωργόπουλος. |
| 260 | |a Αθήνα : |b Παπαζήσης, |c 2022. | ||
| 300 | |a 328 σ. ; |c 21 εκ. | ||
| 490 | 1 | |a (Δια-ΛΟΓΟΣ φιλοσοφική βιβλιοθήκη - Μελέτες ; |v 84) | |
| 600 | 0 | 0 | |a Πλάτων, |d 428 ή 7-348 ή 7 π.Χ. |
| 650 | 0 | |a Ethics | |
| 830 | 0 | |a Δια-ΛΟΓΟΣ φιλοσοφική βιβλιοθήκη - Μελέτες | |
| 852 | |a INST |b LESVOS |e 20231116 |h 184 ΓΕΩ |p 005100065644 |q 005100065644 |t BK |y 0 | ||
| 970 | |a Δημάκη |b Μαρία |z 16-11-2023 | ||